| 000 | 00615nam a2200217 a 4500 | ||
|---|---|---|---|
| 008 | |||
| 020 | _a1857150317 (cased) | ||
| 049 | _aMAIN | ||
| 090 |
_aPR4558 _bDIC |
||
| 100 | 1 | _aDickens, Charles. | |
| 245 | 1 | 0 |
_aDavid Copperfield / _cby Charles Dickens. |
| 260 |
_aLondon : _bDavid Campbell, _cc1991. |
||
| 300 |
_axlii, 891 p. ; _c22 cm. |
||
| 440 |
_aEveryman's Library ; _v31. |
||
| 650 |
_aEnglish literature _d19th century. |
||
| 907 |
_a.b10112030 _b24-04-12 _c19-02-04 |
||
| 003 | |||
| 005 | 20230123133632.0 | ||
| 040 | _cNUST | ||
| 942 |
_cBOOKS _kPR4558 _mDIC |
||
| 999 |
_c152005 _d152005 |
||